000 01012cam a2200217 i 4500
005 20251108175355.0
008 250721s2011 sy gr 000 0 ara d
020 _a9789773766236
082 1 4 _a070.57973
_bك ا م
100 1 _aكامل، مجدي
_eمعد.
245 1 0 _aويكيليكس .. وما أدراك ما ويكيليكس !! :
_bمؤامرة أمريكية مكشوفة وصفقة إسرائيلية مشبوهة !! مأدبة ويكيليكس حوت كل ما لذ وطاب فأين الصهاينة من المأدبة !! /
_cمجدي كامل.
250 _aالطبعة الأولى.
264 1 _aدمشق،
_aالقاهرة :
_bدار الكتاب العربي،
_c2011.
300 _a464 صفحة.
650 1 7 _aالشبكة العنكبوتية العالمية.
650 1 7 _aسرية الإتصالات السلكية واللاسلكية.
650 1 7 _aالأسرار الرسمية.
650 1 7 _aويكيليكس.
942 _2ddc
_cBK
999 _c132621
_d132621